El tibio recinto de la oscuridad /
Kaydedildi:
| Yazar: | |
|---|---|
| Materyal Türü: | Kitap |
| Dil: | Spanish |
| Baskı/Yayın Bilgisi: |
San José, Costa Rica :
Ediciones FARBEN,
c2000.
|
| Edisyon: | 1. edición |
| Konular: | |
| Etiketler: |
Etiketle
Etiket eklenmemiş, İlk siz ekleyin!
|
MARC
| LEADER | 00000mam a2200000 a 4500 | ||
|---|---|---|---|
| 001 | 2992397 | ||
| 005 | 20150527110021.0 | ||
| 008 | 010317s2000 cr 000 0 spa d | ||
| 020 | |a 996815086X | ||
| 040 | |a NDD |c NDD |d CRU CIICLA | ||
| 041 | |a spa | ||
| 082 | |a CR863.44 |b C764t | ||
| 100 | 1 | |a Contreras Castro, Fernando |d 1963- | |
| 245 | 1 | 3 | |a El tibio recinto de la oscuridad / |c Fernando Contreras Castro |
| 250 | |a 1. edición | ||
| 260 | |a San José, Costa Rica : |b Ediciones FARBEN, |c c2000. | ||
| 300 | |a 329 hojas | ||
| 650 | 0 | |9 13 |a LITERATURA COSTARRICENSE |x NOVELA | |
| 942 | |2 ddc |c BK | ||
| 999 | |c 4155 |d 4155 | ||



